| 000 | 01179nam a2200313Ia 4500 | ||
|---|---|---|---|
| 003 | OSt | ||
| 005 | 20221007123242.0 | ||
| 006 | a|||||r|||| 00| 0 | ||
| 007 | ta | ||
| 008 | 221006b |||||||| |||| 00| 0 eng d | ||
| 020 |
_a0201410478 (pbk) _c _ 23.55 |
||
| 024 | _a4337 | ||
| 037 |
_bNarosa, _cTextual |
||
| 040 |
_aPAPL _cPAPL _beng |
||
| 041 |
_2eng _aeng |
||
| 082 | _aCN2,9B5, M8 | ||
| 100 | _aNegele John W | ||
| 245 | 0 |
_aQuantum many-particle systems by John W Negele and Henri Orland _b Orland Henri |
|
| 260 |
_aReading, _bMassachusetts Addison-Wesley Publishing Company _c1988 |
||
| 300 |
_axviii,459p _ccm. |
||
| 490 | _aFrontiers in physics | ||
| 500 | _aBibliographical references 447-453p; Index 455-459p; ^n23/CSL/Carpa/96-97/4007^d1997-02-19^mPurchase; ; 96-97/434^b1997-03-03^c044403^d1997-02-25^eNarosa Book distributors Private Limited; ; 1997-03-07^bSB^c1997-06-26^dSB^r1997-08-10 | ||
| 650 |
_a Many body problems _9716970 |
||
| 650 |
_a Wave mechanics _9614331 |
||
| 650 | _aPhysics | ||
| 700 | _a Orland Henri | ||
| 942 |
_hCN2,9B5, M8 _cTEXL _2CC |
||
| 999 |
_c1211600 _d1211600 |
||